000 00581nam a2200217Ia 4500
003 OSt
005 20220923211756.0
006 a|||||r|||| 00| 0
007 ta
008 220922b |||||||| |||| 00| 0 pan d
024 _a54,131
037 _cTextual
040 _aARTS
_cARTS
_bpan
041 _2pan
_apan
082 _aQ8441:g, 153K6
100 _aਜੱਗੀ, ਰਤਨ ਸਿੰਘ
245 0 _aਵਿਚਾਰਧਾਰਾ
260 _c1966
942 _hQ8441:g, 153K6
_cTEXL
_2CC
999 _c303440
_d303440